| 000 | 01168nam a22002897a 4500 | ||
|---|---|---|---|
| 001 | 3423 | ||
| 003 | FISKH | ||
| 005 | 20250612123805.0 | ||
| 008 | 240304b cb ||||| |||| 00| 0 eng d | ||
| 020 | _a708431291270 | ||
| 040 |
_aFISKH _beng _cFISKH _dFISKH |
||
| 100 |
_aValdes, Leslie _eauthor |
||
| 245 |
_aDora goes to school / _cadapted by Leslie Valdes ; based on the teleplay by Leslie Valdes ; illustratied by Robert Roper |
||
| 250 | _aPZ7.V215 | ||
| 260 | _a813.6 | ||
| 300 |
_a29 pages : _bcolor illustrations ; _c24 cm . |
||
| 490 | _a Dora the Explorer | ||
| 505 | _aJ | ||
| 520 | _aDora the Explorer and Boots see their teacher riding her bike on the way to school. But the bike gets a flat tire, and the teacher needs to get to school before her students! Will Dora and Boots save the school day? Find out in this exciting interactive adventure. This Nickeolodeon Read-Along contains audio narration. . | ||
| 521 | 8 |
_a500
_bLexile estimate |
|
| 521 | 8 |
_aJ
_bRaz-Plus |
|
| 600 |
_2counting _vFiction |
||
| 650 |
_aschool _vFiction |
||
| 700 |
_aRoper, Robert _eillustrator |
||
| 942 |
_2ddc _cBK _n0 |
||
| 999 |
_c3423 _d3423 |
||